000 00669nam a22002417a 4500
003 UA-OsUOA
001 34204
007 ta
008 20050926b un ||||| |||| 00| 0 ukr d
100 _aКозаченко В.
090 _a821.161.2
_bК59
942 _cBK
040 _aUA-OsUOA
_bukr
_cUA-OsUOA
_dUA-OsUOA
245 _aАтестат зрілості
_bповісті
300 _a808 с.
955 _a3
041 _aukr
080 _a821.161.2
260 _aК.
_bДніпро
_c1977
246 3 1 _aБлискавка. Листи з патрона
_n
650 7 _a82 Література. Літературознавство
_2UDC
999 _c320636
_d320636